Hogares 'Ana G. de Mundet' : treinta años de existencia / Josefa Amador Escobedo treinta años de existencia / Josefa Amador Escobedo
Descripción Física:
158 p. : il. ; 30 cm
Materias:
Llars Mundet -- Història
MARC
| LEADER | 00000nam a2200000Ia 4500 | ||
|---|---|---|---|
| 001 | 9092 | ||
| 008 | 160829s1990] xx 000 0 cat d | ||
| 080 | |a S-1-103 | ||
| 100 | |a Amador Escobedo, Josefa |9 23658 | ||
| 245 | |a Hogares 'Ana G. de Mundet' : |b treinta años de existencia / Josefa Amador Escobedo | ||
| 260 | |a [Barcelona : |b s.n., |c 1990] | ||
| 300 | |a 158 p. : |b il. ; |c 30 cm | ||
| 590 | |a Amb una dedicatoria de l'autora | ||
| 610 | 2 | 0 | |a Llars Mundet |x Història |9 54212 |
| 901 | |a Arxiu | ||
| 942 | |n 1 | ||
| 952 | |0 0 |1 0 |4 0 |6 S1103 |7 1 |9 42798 |a Arxiu |b Arxiu |d 2016-12-01 |l 0 |o S-1-103 |p 9092 |r 2016-12-01 00:00:00 |w 2016-12-01 |y ARXIU | ||
| 999 | |c 45304 |d 45304 | ||